000 00273nam a22001097a 4500
008 160518b xxu||||| |||| 00| 0 eng d
020 _a9781259060335
041 _aeng
080 _a658:004
245 _aBusiness driven information systems:
_cPaige Baltzan;
942 _2udc
_cBK
999 _c2153
_d2153